000 00380nam a22001697a 4500
005 20160616100142.0
008 160616b xxu||||| |||| 00| 0 eng d
020 _a0-07-125930-9
041 _aeng
082 _b7895
100 _aLuthans, Fred
_92048
245 _aOrganizational Behaviour
260 _bTMH
_c2008
300 _a477
650 _aManagement
_9241
942 _cBK
999 _c2865
_d2864